European Union and United States Foreign Policy : (Record no. 12920)
[ view plain ]
| 000 -LEADER | |
|---|---|
| fixed length control field | 00840cam a22002411 4500 |
| 001 - CONTROL NUMBER | |
| control field | 13651990 |
| 005 - DATE AND TIME OF LATEST TRANSACTION | |
| control field | 20201124143113.0 |
| 008 - FIXED-LENGTH DATA ELEMENTS--GENERAL INFORMATION | |
| fixed length control field | 040712s1954 xx 000 0 eng |
| 010 ## - LIBRARY OF CONGRESS CONTROL NUMBER | |
| LC control number | 54012844 |
| 040 ## - CATALOGING SOURCE | |
| Original cataloging agency | DLC |
| Transcribing agency | DLC |
| Modifying agency | DLC |
| 050 00 - LIBRARY OF CONGRESS CALL NUMBER | |
| Classification number | JN15 |
| Item number | .N5 |
| 082 ## - DEWEY DECIMAL CLASSIFICATION NUMBER | |
| Edition number | 22 |
| Classification number | 327.7304 |
| Item number | NOR |
| 100 1# - MAIN ENTRY--PERSONAL NAME | |
| Personal name | Northrop, F. S. C. |
| Fuller form of name | (Filmer Stuart Cuckow), |
| Dates associated with a name | 1893- |
| 9 (RLIN) | 9384 |
| 245 10 - TITLE STATEMENT | |
| Title | European Union and United States Foreign Policy : |
| Remainder of title | A Study in Sociological Jurisprudence/ |
| Statement of responsibility, etc | F. S. C. Northrop |
| 260 ## - PUBLICATION, DISTRIBUTION, ETC. (IMPRINT) | |
| Place of publication, distribution, etc | New York: |
| Name of publisher, distributor, etc | MacMillan, |
| Date of publication, distribution, etc | 1954 |
| 300 ## - PHYSICAL DESCRIPTION | |
| Extent | 230 p.; |
| Other physical details | 22 cm. |
| 500 ## - GENERAL NOTE | |
| General note | Donated by: Alaa Abdel Ghany |
| 651 ## - SUBJECT ADDED ENTRY--GEOGRAPHIC NAME | |
| 9 (RLIN) | 9382 |
| Geographic name | Europe |
| General subdivision | --Foreign relations |
| Geographic subdivision | --United States |
| 651 ## - SUBJECT ADDED ENTRY--GEOGRAPHIC NAME | |
| 9 (RLIN) | 9383 |
| Geographic name | United States |
| General subdivision | --Foreign relations |
| Geographic subdivision | --Europe |
| 942 ## - ADDED ENTRY ELEMENTS (KOHA) | |
| Source of classification or shelving scheme | Dewey Decimal Classification |
| Item type | Book - Borrowing |
| Withdrawn status | Item status | Source of classification or shelving scheme | Damaged status | Not for loan | Vendor | Home library | Current library | Shelving location | Date acquired | Source of acquisition | Total Checkouts | Total Renewals | Full call number | Barcode | Date last seen | Date last borrowed | Koha item type | Public note |
|---|---|---|---|---|---|---|---|---|---|---|---|---|---|---|---|---|---|---|
| Dewey Decimal Classification | Central Library | Central Library | First floor | 17/11/2009 | Donation | 1 | 6 | 327.7304 NOR | 000018994 | 15/07/2025 | 13/10/2015 | Book - Borrowing | Donated by Alaa Abdel Ghany |